Probability And Statistics (Record no. 14509)
[ view plain ]
| 000 -LEADER | |
|---|---|
| fixed length control field | 00384nam a22001457a 4500 |
| 020 ## - INTERNATIONAL STANDARD BOOK NUMBER | |
| ISBN | 9780070151543 |
| 082 ## - DEWEY DECIMAL CLASSIFICATION NUMBER | |
| Classification number | 519.062 |
| Item number | MUR/PR |
| 100 ## - MAIN ENTRY--AUTHOR NAME | |
| Personal name | Murray R Spiegel |
| 100 ## - MAIN ENTRY--AUTHOR NAME | |
| Personal name | Schiller,John J |
| 100 ## - MAIN ENTRY--AUTHOR NAME | |
| Personal name | Alu srinivasan,R |
| 245 ## - TITLE STATEMENT | |
| Title | Probability And Statistics |
| 250 ## - EDITION STATEMENT | |
| Edition statement | 3 rd |
| 260 ## - PUBLICATION, DISTRIBUTION, ETC. (IMPRINT) | |
| Place of publication | New Delhi |
| Name of publisher | Tata McGraw Hill Publishing Company Limited |
| 942 ## - ADDED ENTRY ELEMENTS (KOHA) | |
| Koha item type | Books |
| Withdrawn status | Lost status | Damaged status | Collection code | Home library | Current library | Shelving location | Date acquired | Source of acquisition | Cost, normal purchase price | Full call number | Accession Number | Koha item type |
|---|---|---|---|---|---|---|---|---|---|---|---|---|
| KAUAET | KAUAET | General Stacks | 12/07/2016 | Researchco Books and Periodicals, New Delhi | 335.00 | 519.062 MUR/PR | 24372 | Books |
